<?xml version="1.0" encoding="UTF-8"?><?xml-stylesheet type="text/xsl" href="static/style.xsl"?><OAI-PMH xmlns="http://www.openarchives.org/OAI/2.0/" xmlns:xsi="http://www.w3.org/2001/XMLSchema-instance" xsi:schemaLocation="http://www.openarchives.org/OAI/2.0/ http://www.openarchives.org/OAI/2.0/OAI-PMH.xsd"><responseDate>2026-04-13T18:31:35Z</responseDate><request verb="GetRecord" identifier="oai:www.recercat.cat:2072/421025" metadataPrefix="marc">https://recercat.cat/oai/request</request><GetRecord><record><header><identifier>oai:recercat.cat:2072/421025</identifier><datestamp>2025-10-15T19:45:33Z</datestamp><setSpec>com_2072_98</setSpec><setSpec>col_2072_378196</setSpec></header><metadata><record xmlns="http://www.loc.gov/MARC21/slim" xmlns:dcterms="http://purl.org/dc/terms/" xmlns:xsi="http://www.w3.org/2001/XMLSchema-instance" xmlns:doc="http://www.lyncode.com/xoai" xsi:schemaLocation="http://www.loc.gov/MARC21/slim http://www.loc.gov/standards/marcxml/schema/MARC21slim.xsd">
   <leader>00925njm 22002777a 4500</leader>
   <datafield ind2=" " ind1=" " tag="042">
      <subfield code="a">dc</subfield>
   </datafield>
   <datafield ind2=" " ind1=" " tag="720">
      <subfield code="a">Erencia Millán, Pedro</subfield>
      <subfield code="e">author</subfield>
   </datafield>
   <datafield ind2=" " ind1=" " tag="720">
      <subfield code="a">Universitat Autònoma de Barcelona. Escola d'Enginyeria</subfield>
      <subfield code="e">author</subfield>
   </datafield>
   <datafield ind2=" " ind1=" " tag="260">
      <subfield code="c">2011</subfield>
   </datafield>
   <datafield ind2=" " ind1=" " tag="520">
      <subfield code="a">El consumo energético es un aspecto cada vez más importante en el diseño de microprocesadores. Este trabajo experimenta con una técnica de control del consumo, el escalado dinámico de tensión y frecuencia (DVFS, siglas en inglés), para determinar cuan efectiva es la misma en la ejecución de programas con diferentes cargas de trabajo, intensivas en cómputo o memoria. Además, se ha extendido la experimentación a varios núcleos de ejecución, permitiendo comprobar en que medida las características de la ejecución en una arquitectura multicore afecta al desempeño de dicha técnica.</subfield>
   </datafield>
   <datafield ind2=" " ind1=" " tag="520">
      <subfield code="a">El consum energètic es un aspecte cada cop més important al disseny de microprocessadors. Aquest treball experimenta amb una tècnica de control d'aquest consum, l'escalat dinàmic de freqüència y memòria (DVFS sigles en anglès), per tal de determinar com d'efectiva és aquesta en l'execució de programes amb diferents carregues de treball, intensives en còmput o memòria. A més, s'ha estes la experimentació a més d'un núcli d'execució, permetent comprovar en quina mesura les característiques de l'execució en una arquitectura multicore afecta el desenvolupament de l'esmentada tècnica.</subfield>
   </datafield>
   <datafield ind2=" " ind1=" " tag="520">
      <subfield code="a">Power consumption is an increasingly important concern in processor design. This work experiences with one power control technique, dynamic voltage and frequency scaling (DVFS), in order to assess how effective it is in the execution of programs with different workloads, compute-bound or memory-bound.Moreover, the experiments have been extended to more than one core, allowing to investigate in which way the characteristics of such an execution affects the performance of that technique.</subfield>
   </datafield>
   <datafield tag="653" ind2=" " ind1=" ">
      <subfield code="a">Càlcul intensiu (Informàtica)</subfield>
   </datafield>
   <datafield tag="653" ind2=" " ind1=" ">
      <subfield code="a">Consum d'energia</subfield>
   </datafield>
   <datafield ind2="0" ind1="0" tag="245">
      <subfield code="a">Dependencia de los algoritmos con el consumo de energía en sistemas HPC</subfield>
   </datafield>
</record></metadata></record></GetRecord></OAI-PMH>